Burning Down The House - Talking Heads - All Lyrics - Statistics

General Stats
  • This quiz has been taken 76 times
  • The average score is 110 of 193
Answer Stats
Answer % Correct
Burning
98%
down
98%
house
98%
the
98%
The
98%
a
96%
you
94%
I
91%
what
91%
your
87%
in
83%
No
81%
to
79%
an
77%
fire
74%
get
74%
My
74%
my
74%
but
72%
here,
72%
is
72%
not
72%
out,
72%
out
72%
where
72%
with
72%
“Baby,
70%
you're
70%
after
68%
be
68%
Fighting
64%
I’m
64%
might
64%
Watch
64%
It
62%
on
62%
are
60%
Cool,
60%
for
60%
know
60%
me
60%
There
60%
got
57%
has
57%
way
57%
we're
57%
don't
55%
strange
55%
guy
53%
here
53%
of
53%
stranger
53%
and
51%
have
51%
ordinary
51%
expect?”
49%
expect
49%
it's
49%
nasty
49%
weather
49%
degrees
47%
did
47%
hundred
47%
over
47%
Three
47%
too
47%
bag,
43%
can
43%
sixty-five
43%
their
43%
All
40%
far,
40%
Hold
40%
pack
40%
babies,
38%
into
38%
need
38%
tight,
38%
Close
36%
enough
36%
flame
36%
off
36%
That’s
36%
nothing
34%
party's
34%
Some
34%
till
34%
time
34%
wait
34%
work
34%
come
32%
People
32%
right,
32%
say,
32%
seen
32%
set
32%
was
32%
feet
30%
Gonna
30%
together
30%
yet
30%
Everything’s
28%
once
28%
sweep
28%
things
28%
walking
28%
burst
26%
nobody
26%
place,
26%
place
26%
first
23%
Here's
23%
hurt
23%
overboard
23%
stuck
23%
TV
23%
wanna
23%
daylight
21%
maybe
21%
raincoat
21%
sometimes
21%
wet,
21%
myself
19%
broad
17%
listen
17%
sure
17%
ticket,
17%
dreams
15%
means
15%
Shake-down,
15%
staring
15%
upon
15%
jumping
13%
support
13%
transportation
13%
visible
13%
No matching quizzes found
Score Distribution
Percent of People with Each Score
Percentile by Number Answered
Your Score History
You have not taken this quiz